[Event "17. Open de Sants Hostafrancs 2015"]
[Site "Barcelona ESP"]
[Date "2015.08.21"]
[Round "1.49"]
[White "Perske, Thore"]
[Black "Barcelo Sola, David"]
[Result "1-0"]
[WhiteElo "2408"]
[BlackElo "2040"]
[PlyCount "80"]
[EventDate "2015.08.21"]
[EventType "swiss"]
[EventRounds "10"]
[EventCountry "ESP"]
[SourceTitle "Ajedrez en Madrid"]
[Source "lmi"]
[SourceDate "2015.08.21"]

1. e4 c5 2. Nf3 Nc6 3. Bb5 g6 4. O-O Bg7 5. Re1 Nf6 6. h3 O-O 7. d3 a6 8. Bxc6
bxc6 9. Nc3 Rb8 10. e5 Nd5 11. Ne4 f6 12. c4 Nc7 13. exf6 Bxf6 14. Nxf6+ exf6
15. d4 cxd4 16. Bh6 c5 17. Bxf8 Qxf8 18. Qd2 Ne6 19. Re2 Bb7 20. Ne1 Qd6 21.
Nd3 Ng5 22. Qf4 Qxf4 23. Nxf4 Kf7 24. Rae1 Bc6 25. h4 Ne4 26. Nd3 d5 27. cxd5
Bxd5 28. f3 Ng3 29. Re7+ Kg8 30. Nxc5 Rxb2 31. Rd7 Re2 32. Rxe2 Nxe2+ 33. Kf2
Nc3 34. Nxa6 d3 35. Ke3 Bxa2 36. Kxd3 Nd5 37. g3 f5 38. Nc5 Nf6 39. Ra7 Bd5 40.
f4 Nh5 1-0

[Event "17. Open de Sants Hostafrancs 2015"]
[Site "Barcelona ESP"]
[Date "2015.08.21"]
[Round "1.51"]
[White "Mullon, Jean-Baptiste"]
[Black "Louis, Corentin"]
[Result "1-0"]
[WhiteElo "2402"]
[BlackElo "2039"]
[PlyCount "49"]
[EventDate "2015.08.21"]
[EventType "swiss"]
[EventRounds "10"]
[EventCountry "ESP"]
[SourceTitle "Ajedrez en Madrid"]
[Source "lmi"]
[SourceDate "2015.08.21"]

1. e4 Nf6 2. e5 Nd5 3. d4 d6 4. Nf3 dxe5 5. Nxe5 c6 6. Be2 Bf5 7. O-O Nd7 8.
Ng4 e6 9. c4 N5f6 10. Ne3 Bg6 11. Nc3 Qc7 12. d5 Bd6 13. g3 O-O 14. dxe6 fxe6
15. Ng2 Rad8 16. Bg5 Nc5 17. Qc1 a5 18. Nh4 Bf7 19. Qe3 Rfe8 20. Rad1 e5 21.
Nf5 Ne6 22. Bxf6 gxf6 23. Ne4 Be7 24. Nh6+ Kf8 25. Nxf7 1-0

[Event "17. Open de Sants Hostafrancs 2015"]
[Site "Barcelona ESP"]
[Date "2015.08.21"]
[Round "1.52"]
[White "Garcia De Blas, Esteban"]
[Black "Ootes, Lars"]
[Result "0-1"]
[WhiteElo "2038"]
[BlackElo "2400"]
[PlyCount "81"]
[EventDate "2015.08.21"]
[EventType "swiss"]
[EventRounds "10"]
[EventCountry "ESP"]
[SourceTitle "Ajedrez en Madrid"]
[Source "lmi"]
[SourceDate "2015.08.21"]

1. e4 d6 2. d4 Nf6 3. Nc3 g6 4. f4 Bg7 5. Nf3 O-O 6. e5 dxe5 7. dxe5 Qxd1+ 8.
Kxd1 Nh5 9. Be3 Nc6 10. Bb5 f6 11. exf6 Rxf6 12. Ng5 Nxf4 13. Bc4+ Kh8 14. Nf7+
Rxf7 15. Bxf7 Nxg2 16. Bd2 Bf5 17. Bb3 Rd8 18. Kc1 Nd4 19. Rf1 c6 20. Rf2 Nh4
21. Ne2 Ndf3 22. Bc3 e5 23. a3 Bh6+ 24. Kb1 Be3 25. Rf1 Bh3 26. Rh1 Bg2 27. Re1
h5 28. Bxe5+ Nxe5 29. Ng3 Ng4 30. Ka2 Kg7 31. Rad1 Rxd1 32. Rxd1 Nxh2 33. Rd7+
Kh6 34. Rxb7 Ng4 35. Re7 Nf5 36. Nxf5+ gxf5 37. Be6 Kg6 38. b4 h4 39. c4 h3 40.
b5 h2 41. bxc6 0-1

[Event "17. Open de Sants Hostafrancs 2015"]
[Site "Barcelona ESP"]
[Date "2015.08.21"]
[Round "1.53"]
[White "Zude, Erik"]
[Black "Garcia Castellote, Oscar"]
[Result "1-0"]
[WhiteElo "2398"]
[BlackElo "2037"]
[PlyCount "71"]
[EventDate "2015.08.21"]
[EventType "swiss"]
[EventRounds "10"]
[EventCountry "ESP"]
[SourceTitle "Ajedrez en Madrid"]
[Source "lmi"]
[SourceDate "2015.08.21"]

1. d4 Nf6 2. c4 g6 3. Nc3 Bg7 4. e4 d6 5. Nf3 O-O 6. Be2 e5 7. O-O Na6 8. Be3
Ng4 9. Bg5 Qe8 10. Re1 h6 11. Bh4 f5 12. exf5 gxf5 13. h3 Nf6 14. c5 e4 15.
cxd6 cxd6 16. Bg3 Qc6 17. Nh4 Be6 18. Ng6 Rf7 19. Rc1 Qb6 20. Qd2 Rd8 21. Nf4
d5 22. Na4 Qd6 23. b3 Bd7 24. Nc3 Be6 25. Nb5 Qb6 26. a4 Re8 27. Nh5 Bh8 28.
Qxh6 Ref8 29. Qg6+ Bg7 30. Be5 Nxh5 31. Bxh5 Nb4 32. a5 Qxb5 33. Qxe6 Bxe5 34.
Bxf7+ Rxf7 35. Rc8+ Kg7 36. Qxe5+ 1-0

[Event "17. Open de Sants Hostafrancs 2015"]
[Site "Barcelona ESP"]
[Date "2015.08.21"]
[Round "1.54"]
[White "Guzman, Manuel"]
[Black "Valdes Romero, Leonardo"]
[Result "0-1"]
[WhiteElo "2037"]
[BlackElo "2396"]
[PlyCount "94"]
[EventDate "2015.08.21"]
[EventType "swiss"]
[EventRounds "10"]
[EventCountry "ESP"]
[SourceTitle "Ajedrez en Madrid"]
[Source "lmi"]
[SourceDate "2015.08.21"]

1. Nf3 Nf6 2. b3 g6 3. c4 Bg7 4. Bb2 O-O 5. g3 d6 6. Bg2 e5 7. Nc3 c6 8. d4 e4
9. Ng5 d5 10. cxd5 cxd5 11. h4 Nc6 12. Qd2 Re8 13. e3 Bg4 14. Ne2 Qd7 15. Nf4
h6 16. Ngh3 Qf5 17. Ng1 g5 18. hxg5 hxg5 19. Nfh3 a5 20. a3 Nd7 21. Rc1 a4 22.
b4 Nb6 23. Bf1 Re6 24. Rc5 Rh6 25. Rb5 Nc8 26. Rxb7 Nd6 27. Rc7 Rc8 28. Rxc8+
Qxc8 29. Qc2 Qa8 30. Qc5 Nd8 31. Bg2 Nc4 32. Bc1 Bf8 33. Qb5 Ne6 34. Bxe4 dxe4
35. Qxc4 Nc7 36. Nxg5 Be6 37. Nxe6 Rxh1 38. Nxc7 Rxg1+ 39. Kd2 Qc8 40. b5 Qg4
41. Kc2 Qd1+ 42. Kb2 Rf1 43. Nd5 Rxf2+ 44. Kb1 Bxa3 45. Qc8+ Kg7 46. Qc3 Bxc1
47. Qxc1 Qb3+ 0-1

[Event "17. Open de Sants Hostafrancs 2015"]
[Site "Barcelona ESP"]
[Date "2015.08.21"]
[Round "1.60"]
[White "Tollefsen, Vegard"]
[Black "Gonzalez Rodriguez, Jorge A"]
[Result "0-1"]
[WhiteElo "2033"]
[BlackElo "2369"]
[PlyCount "48"]
[EventDate "2015.08.21"]
[EventType "swiss"]
[EventRounds "10"]
[EventCountry "ESP"]
[SourceTitle "Ajedrez en Madrid"]
[Source "lmi"]
[SourceDate "2015.08.21"]

1. e4 e6 2. d4 d5 3. Nd2 c5 4. c3 Nf6 5. e5 Nfd7 6. Bd3 Nc6 7. Ne2 cxd4 8. cxd4
Qb6 9. Nf3 f6 10. exf6 Nxf6 11. O-O Bd6 12. b3 O-O 13. Bb2 Bd7 14. Rc1 Rae8 15.
Qd2 a5 16. Nc3 g6 17. Bb1 Nh5 18. Rcd1 Rxf3 19. gxf3 Qd8 20. Ne2 Qh4 21. f4
Nxf4 22. Ng3 e5 23. dxe5 Qh3 24. f3 Bc5+ 0-1

[Event "17. Open de Sants Hostafrancs 2015"]
[Site "Barcelona ESP"]
[Date "2015.08.21"]
[Round "1.66"]
[White "Aabling-Thomsen, Jakob"]
[Black "Segarra Calderer, Albert"]
[Result "1-0"]
[WhiteElo "2333"]
[BlackElo "2014"]
[PlyCount "75"]
[EventDate "2015.08.21"]
[EventType "swiss"]
[EventRounds "10"]
[EventCountry "ESP"]
[SourceTitle "Ajedrez en Madrid"]
[Source "lmi"]
[SourceDate "2015.08.21"]

1. e4 d5 2. exd5 Qxd5 3. Nc3 Qa5 4. d4 Nf6 5. Bc4 c6 6. Bd2 Bf5 7. Qe2 e6 8. d5
cxd5 9. Nxd5 Qd8 10. Nxf6+ gxf6 11. O-O-O Qc7 12. Bc3 Be7 13. Kb1 Rg8 14. Nf3
Nc6 15. Nh4 Bg6 16. g3 a6 17. Rhe1 b5 18. Nxg6 Rxg6 19. Bd3 f5 20. Qh5 O-O-O
21. Qxh7 Bc5 22. f4 Bb4 23. Bxb4 Nxb4 24. a3 Nxd3 25. Rxd3 Rxd3 26. cxd3 Kb7
27. Rc1 Qd7 28. Rc3 e5 29. fxe5 f4 30. Qh5 fxg3 31. Qf3+ Kb8 32. hxg3 a5 33.
Qf4 Re6 34. d4 b4 35. axb4 axb4 36. Rc5 Qa4 37. Qc1 Qa6 38. Qc4 1-0

[Event "17. Open de Sants Hostafrancs 2015"]
[Site "Barcelona ESP"]
[Date "2015.08.21"]
[Round "1.76"]
[White "Iglesias, Joachim"]
[Black "Tarrago Domingo, Miguel"]
[Result "1/2-1/2"]
[WhiteElo "2319"]
[BlackElo "2000"]
[PlyCount "51"]
[EventDate "2015.08.21"]
[EventType "swiss"]
[EventRounds "10"]
[EventCountry "ESP"]
[SourceTitle "Ajedrez en Madrid"]
[Source "lmi"]
[SourceDate "2015.08.21"]

1. d4 d5 2. Nf3 Nf6 3. e3 Bf5 4. c4 e6 5. Qb3 Nc6 6. Bd2 Rb8 7. cxd5 exd5 8.
Bb5 a6 9. Bxc6+ bxc6 10. Qa4 Rxb2 11. Qxc6+ Qd7 12. Qa8+ Qd8 13. Qxd8+ Kxd8 14.
O-O Bd6 15. Nc3 Kd7 16. Rfc1 Rhb8 17. Be1 Be4 18. Ne5+ Ke6 19. Na4 Rb1 20.
Raxb1 Rxb1 21. Rxb1 Bxb1 22. Nc3 Bc2 23. Nc6 Ne4 24. Nd8+ Ke7 25. Nc6+ Ke6 26.
Nd8+ 1/2-1/2

[Event "17. Open de Sants Hostafrancs 2015"]
[Site "Barcelona ESP"]
[Date "2015.08.21"]
[Round "1.80"]
[White "Olivares Canelles, Francisco"]
[Black "Prats Rodriguez, Juan Bosco"]
[Result "1-0"]
[WhiteElo "2305"]
[BlackElo "1994"]
[PlyCount "39"]
[EventDate "2015.08.21"]
[EventType "swiss"]
[EventRounds "10"]
[EventCountry "ESP"]
[SourceTitle "Ajedrez en Madrid"]
[Source "lmi"]
[SourceDate "2015.08.21"]

1. d4 Nf6 2. c4 e6 3. Nc3 Bb4 4. e3 Nc6 5. Bd3 d5 6. Nge2 O-O 7. O-O dxc4 8.
Bxc4 e5 9. d5 Ne7 10. a3 Bd6 11. Ng3 Ng6 12. Qc2 Bd7 13. b4 a6 14. Bb2 c6 15.
Rfd1 cxd5 16. Nxd5 Bc6 17. Nf5 Bxd5 18. Bxd5 Rc8 19. Qe2 Qb6 20. Nxd6 1-0

[Event "17. Open de Sants Hostafrancs 2015"]
[Site "Barcelona ESP"]
[Date "2015.08.21"]
[Round "1.86"]
[White "Santarius, Erik F"]
[Black "Gras, Delphine"]
[Result "1-0"]
[WhiteElo "2302"]
[BlackElo "1985"]
[PlyCount "47"]
[EventDate "2015.08.21"]
[EventType "swiss"]
[EventRounds "10"]
[EventCountry "ESP"]
[SourceTitle "Ajedrez en Madrid"]
[Source "lmi"]
[SourceDate "2015.08.21"]

1. e4 c6 2. d4 d5 3. Nd2 dxe4 4. Nxe4 Bf5 5. Qf3 Bg6 6. c3 Nd7 7. Bf4 Ngf6 8.
Nxf6+ Nxf6 9. Bc4 e6 10. Qe2 Bd6 11. Bxd6 Qxd6 12. Nf3 h6 13. Ne5 Bh7 14. O-O
O-O 15. Rfe1 Nd5 16. Rad1 Rad8 17. Bb3 c5 18. Qf3 Qc7 19. dxc5 Nf6 20. Rd4 Nd7
21. Nxf7 Nxc5 22. Rxd8 Rxd8 23. Nxd8 Qxd8 24. Qe3 1-0

[Event "17. Open de Sants Hostafrancs 2015"]
[Site "Barcelona ESP"]
[Date "2015.08.21"]
[Round "1.98"]
[White "Guerrero Sierra, Juan Carlos"]
[Black "Baudry, Remi"]
[Result "1-0"]
[WhiteElo "2275"]
[BlackElo "1959"]
[PlyCount "65"]
[EventDate "2015.08.21"]
[EventType "swiss"]
[EventRounds "10"]
[EventCountry "ESP"]
[SourceTitle "Ajedrez en Madrid"]
[Source "lmi"]
[SourceDate "2015.08.21"]

1. e4 d6 2. d4 c6 3. c4 e5 4. Nc3 Be7 5. Nf3 Qc7 6. Be2 Nf6 7. O-O O-O 8. d5
Nbd7 9. Ne1 Nc5 10. f3 a5 11. Be3 Nfd7 12. Nd3 h6 13. Rb1 f5 14. exf5 Rxf5 15.
Nxc5 Nxc5 16. Bxc5 dxc5 17. Ne4 cxd5 18. Qxd5+ Kh8 19. Rbd1 Ra6 20. Ng3 Rf4 21.
Ne4 Rg6 22. Qd2 h5 23. Kh1 h4 24. Qc3 Rh6 25. Rd3 Rh5 26. Rfd1 Be6 27. R3d2 b6
28. Qb3 Rh6 29. Qb5 Qb8 30. Rd8+ Bxd8 31. Qe8+ Kh7 32. Rxd8 Qc7 33. Ng5# 1-0

[Event "17. Open de Sants Hostafrancs 2015"]
[Site "Barcelona ESP"]
[Date "2015.08.21"]
[Round "1.102"]
[White "Gutierrez Clares, Joaquim"]
[Black "Liarte Genoves, Sergi"]
[Result "1-0"]
[WhiteElo "2268"]
[BlackElo "1952"]
[PlyCount "57"]
[EventDate "2015.08.21"]
[EventType "swiss"]
[EventRounds "10"]
[EventCountry "ESP"]
[SourceTitle "Ajedrez en Madrid"]
[Source "lmi"]
[SourceDate "2015.08.21"]

1. d4 Nf6 2. c4 e5 3. dxe5 Ng4 4. e3 Nxe5 5. Nh3 Bb4+ 6. Bd2 Bxd2+ 7. Qxd2 O-O
8. Nf4 d6 9. Be2 Be6 10. b3 Ng6 11. Nc3 Nd7 12. O-O Nde5 13. Nxe6 fxe6 14. f4
Nd7 15. Rf3 a6 16. Raf1 Qe7 17. Bd3 Nh8 18. Rh3 g6 19. Ne4 Nf6 20. Ng5 Nf7 21.
Nxh7 Nxh7 22. Bxg6 Nfg5 23. Rg3 Kh8 24. fxg5 Rxf1+ 25. Kxf1 Nxg5 26. Qd4+ Kg8
27. h4 Rf8+ 28. Kg1 c5 29. Qg4 1-0

[Event "17. Open de Sants Hostafrancs 2015"]
[Site "Barcelona ESP"]
[Date "2015.08.21"]
[Round "1.103"]
[White "Pulido Leon, Manuel"]
[Black "Gomez Jurado, Luis Alberto"]
[Result "0-1"]
[WhiteElo "1948"]
[BlackElo "2267"]
[PlyCount "62"]
[EventDate "2015.08.21"]
[EventType "swiss"]
[EventRounds "10"]
[EventCountry "ESP"]
[SourceTitle "Ajedrez en Madrid"]
[Source "lmi"]
[SourceDate "2015.08.21"]

1. e4 c6 2. d4 d5 3. Nc3 dxe4 4. Nxe4 Bf5 5. Ng3 Bg6 6. Nf3 Nd7 7. Bc4 e6 8.
O-O Bd6 9. Re1 Ne7 10. Qe2 Nb6 11. Bb3 Nbd5 12. Ne5 a5 13. c4 Nb4 14. Nxg6 hxg6
15. a3 Na6 16. Bg5 Bxg3 17. hxg3 Qxd4 18. Rad1 Qc5 19. Qd3 O-O 20. Be3 Qh5 21.
Qd7 Nf5 22. Bb6 Nh6 23. Qe7 g5 24. Qxb7 Rfc8 25. Rd6 Ng4 26. Ba4 Nc5 27. Bxc5
Rab8 28. Qd7 Qh2+ 29. Kf1 Nf6 30. Qe7 Rxb2 31. Rd8+ Kh7 0-1

[Event "17. Open de Sants Hostafrancs 2015"]
[Site "Barcelona ESP"]
[Date "2015.08.21"]
[Round "1.105"]
[White "Martinez Lopez, Ivan"]
[Black "Mikalsen, Harald"]
[Result "1-0"]
[WhiteElo "2267"]
[BlackElo "1947"]
[PlyCount "39"]
[EventDate "2015.08.21"]
[EventType "swiss"]
[EventRounds "10"]
[EventCountry "ESP"]
[SourceTitle "Ajedrez en Madrid"]
[Source "lmi"]
[SourceDate "2015.08.21"]

1. d4 Nf6 2. Nf3 e6 3. g3 b6 4. Bg2 Bb7 5. O-O Be7 6. c4 c5 7. e3 O-O 8. Nc3
cxd4 9. exd4 d5 10. Ne5 Na6 11. Bg5 Rb8 12. Qa4 Qe8 13. Bxf6 Bxf6 14. Nd7 Bxd4
15. Nxf8 Qxf8 16. cxd5 e5 17. Rfd1 Nc5 18. Qc2 Rc8 19. Nb5 Ba6 20. Nxa7 1-0

[Event "17. Open de Sants Hostafrancs 2015"]
[Site "Barcelona ESP"]
[Date "2015.08.21"]
[Round "1.107"]
[White "Adel Lahchaichi, Oussama"]
[Black "Bernat, Ernest"]
[Result "1-0"]
[WhiteElo "2258"]
[BlackElo "1943"]
[PlyCount "67"]
[EventDate "2015.08.21"]
[EventType "swiss"]
[EventRounds "10"]
[EventCountry "ESP"]
[SourceTitle "Ajedrez en Madrid"]
[Source "lmi"]
[SourceDate "2015.08.21"]

1. c4 e5 2. g3 Nf6 3. Bg2 Be7 4. Nc3 O-O 5. e4 Nc6 6. Nge2 d6 7. d4 exd4 8.
Nxd4 Bg4 9. f3 Bd7 10. O-O Re8 11. Be3 Bf8 12. Qd2 a6 13. Rac1 Nxd4 14. Qxd4 c5
15. Qd3 Bc6 16. Rcd1 Qb6 17. Rd2 h6 18. h3 Rad8 19. a3 Qc7 20. g4 Nd7 21. f4
Rb8 22. b4 b5 23. bxc5 Nxc5 24. Bxc5 dxc5 25. Nd5 Qb7 26. e5 Kh8 27. Re1 bxc4
28. Qxc4 Rec8 29. e6 fxe6 30. Rxe6 Qb5 31. Qc3 Qb1+ 32. Kh2 Qb3 33. Qe5 Bxd5
34. Rxh6+ 1-0

[Event "17. Open de Sants Hostafrancs 2015"]
[Site "Barcelona ESP"]
[Date "2015.08.21"]
[Round "1.108"]
[White "Nederveld, Dieter"]
[Black "Caille, Hugo"]
[Result "0-1"]
[WhiteElo "1942"]
[BlackElo "2255"]
[PlyCount "56"]
[EventDate "2015.08.21"]
[EventType "swiss"]
[EventRounds "10"]
[EventCountry "ESP"]
[SourceTitle "Ajedrez en Madrid"]
[Source "lmi"]
[SourceDate "2015.08.21"]

1. d4 Nf6 2. Nf3 d5 3. Bg5 Nbd7 4. Nbd2 g6 5. e3 Bg7 6. Bd3 O-O 7. O-O c5 8. c3
b6 9. Rc1 Bb7 10. Bh4 h6 11. Bb1 Ne4 12. Nxe4 dxe4 13. Nd2 f5 14. f4 exf3 15.
Nxf3 Nf6 16. Ne5 Qe8 17. Qe2 e6 18. g4 Ne4 19. Bxe4 Bxe4 20. Bg3 Rd8 21. h3 Kh7
22. gxf5 exf5 23. Kh2 Rd5 24. Qa6 Bxe5 25. Bxe5 Rxe5 26. Qxa7+ Re7 27. Qxb6 Rf6
28. Qxf6 Qb8+ 0-1

[Event "17. Open de Sants Hostafrancs 2015"]
[Site "Barcelona ESP"]
[Date "2015.08.21"]
[Round "1.111"]
[White "Lewis, John"]
[Black "Demuth, Adrien"]
[Result "0-1"]
[WhiteElo "2103"]
[BlackElo "2541"]
[PlyCount "78"]
[EventDate "2015.08.21"]
[EventType "swiss"]
[EventRounds "10"]
[EventCountry "ESP"]
[SourceTitle "Ajedrez en Madrid"]
[Source "lmi"]
[SourceDate "2015.08.21"]
[WhiteClock "0:02:58"]
[BlackClock "0:01:16"]

1. d4 e6 2. Nf3 c5 3. c4 cxd4 4. Nxd4 Nf6 5. g3 Qc7 6. b3 Bb4+ 7. Bd2 Bc5 8. e3
Nc6 9. Nb5 Qb8 10. Bc3 a6 11. Nd4 e5 12. Nc2 b5 13. Nd2 d5 14. Bg2 Bg4 15. Qc1
Be6 16. b4 Be7 17. c5 O-O 18. O-O Qc7 19. Qb2 Rfd8 20. f4 Ng4 21. Nf3 Nxe3 22.
Nxe3 d4 23. Nxe5 dxc3 24. Qxc3 Nxe5 25. Bxa8 Nd3 26. Rad1 Bf6 27. Qa3 Nxc5 28.
bxc5 Rxa8 29. f5 Bc4 30. Nxc4 bxc4 31. Rd6 Be7 32. f6 Bxd6 33. cxd6 Qb6+ 34.
Kg2 Rd8 35. Qc3 Qc6+ 36. Qf3 Rxd6 37. Qxc6 Rxc6 38. fxg7 Kxg7 39. Kf3 Rf6+ 0-1

[Event "17. Open de Sants Hostafrancs 2015"]
[Site "Barcelona ESP"]
[Date "2015.08.21"]
[Round "1.115"]
[White "Shelobolin, Filipp"]
[Black "Kulon, Klaudia"]
[Result "0-1"]
[WhiteElo "1918"]
[BlackElo "2240"]
[PlyCount "68"]
[EventDate "2015.08.21"]
[EventType "swiss"]
[EventRounds "10"]
[EventCountry "ESP"]
[SourceTitle "Ajedrez en Madrid"]
[Source "lmi"]
[SourceDate "2015.08.21"]

1. Nf3 c5 2. g3 g6 3. d4 cxd4 4. Nxd4 Bg7 5. Bg2 Qa5+ 6. Bd2 Qb6 7. Bc3 Nc6 8.
Nb3 Nf6 9. N1d2 O-O 10. O-O d5 11. e4 Bg4 12. Bf3 Bxf3 13. Nxf3 dxe4 14. Nfd4
Rad8 15. Nxc6 Rxd1 16. Nxe7+ Kh8 17. Raxd1 Qe6 18. Bxf6 Bxf6 19. Nd5 Bxb2 20.
Nc5 Qc6 21. Nxe4 Qxc2 22. Rfe1 Re8 23. Rd2 Qxd2 24. Nxd2 Rxe1+ 25. Kg2 Rd1 26.
Nc4 Rxd5 27. Nxb2 Rd2 28. Nc4 Rxa2 29. Nd6 Rb2 30. Nxf7+ Kg7 31. Nd6 a5 32. Nc4
Rb5 33. Kf3 a4 34. Ke3 a3 0-1

[Event "17. Open de Sants Hostafrancs 2015"]
[Site "Barcelona ESP"]
[Date "2015.08.21"]
[Round "1.116"]
[White "Diaz Camallonga, Carles"]
[Black "Garcia Lopez, Nicolas"]
[Result "1-0"]
[WhiteElo "2358"]
[BlackElo "2026"]
[PlyCount "55"]
[EventDate "2015.08.21"]
[EventType "swiss"]
[EventRounds "10"]
[EventCountry "ESP"]
[SourceTitle "Ajedrez en Madrid"]
[Source "lmi"]
[SourceDate "2015.08.21"]

1. e4 c5 2. Nf3 d6 3. Bb5+ Bd7 4. Bxd7+ Nxd7 5. O-O Ngf6 6. Re1 Rc8 7. b3 g6 8.
Bb2 Bg7 9. d4 cxd4 10. Nxd4 O-O 11. c4 a6 12. Nc3 e6 13. Qd2 Qa5 14. Rad1 Qh5
15. Nde2 Ne5 16. Qxd6 Rc6 17. Ng3 Qh4 18. Qd2 Bh6 19. Qe2 Nfg4 20. Nf1 Bf4 21.
h3 f5 22. exf5 gxf5 23. Rd4 Qh6 24. f3 Rf6 25. Rxf4 Qxf4 26. hxg4 Ng6 27. Qe3
Qc7 28. Nb5 1-0

[Event "17. Open de Sants Hostafrancs 2015"]
[Site "Barcelona ESP"]
[Date "2015.08.21"]
[Round "1.117"]
[White "Le Ruyet, Leopold"]
[Black "Parramon Guillaumet, Jaime"]
[Result "1-0"]
[WhiteElo "2240"]
[BlackElo "1915"]
[PlyCount "83"]
[EventDate "2015.08.21"]
[EventType "swiss"]
[EventRounds "10"]
[EventCountry "ESP"]
[SourceTitle "Ajedrez en Madrid"]
[Source "lmi"]
[SourceDate "2015.08.21"]

1. e4 e5 2. Nf3 Nc6 3. Bb5 a6 4. Ba4 Bc5 5. O-O b5 6. Bb3 Nf6 7. Nxe5 Nxe5 8.
d4 Bxd4 9. Qxd4 d6 10. f4 c5 11. Qc3 c4 12. fxe5 dxe5 13. Qxe5+ Qe7 14. Qxe7+
Kxe7 15. Bg5 Ke6 16. Nc3 Bb7 17. Bxf6 gxf6 18. Nd5 Rac8 19. Rxf6+ Ke5 20. Rf5+
Ke6 21. c3 cxb3 22. axb3 Rhg8 23. Rf6+ Ke5 24. Rxf7 Bxd5 25. exd5 Rg6 26. Rxh7
Kxd5 27. Rd7+ Kc5 28. Rad1 Re8 29. R7d5+ Kc6 30. Rf5 Re2 31. Rf2 Re3 32. b4
Rge6 33. g3 Kb6 34. Rdf1 Kc6 35. Rf6 Kd5 36. Rxe6 Rxe6 37. h4 Kc4 38. Kg2 Kd3
39. g4 Re2+ 40. Rf2 Re4 41. Kg3 Ke3 42. h5 1-0

[Event "17. Open de Sants Hostafrancs 2015"]
[Site "Barcelona ESP"]
[Date "2015.08.21"]
[Round "1.145"]
[White "Castrillon Gomez, Melissa"]
[Black "Tejada Gomez, Juan V"]
[Result "1-0"]
[WhiteElo "2183"]
[BlackElo "1849"]
[PlyCount "63"]
[EventDate "2015.08.21"]
[EventType "swiss"]
[EventRounds "10"]
[EventCountry "ESP"]
[SourceTitle "Ajedrez en Madrid"]
[Source "lmi"]
[SourceDate "2015.08.21"]

1. e4 c5 2. Nf3 a6 3. c3 e6 4. d4 cxd4 5. cxd4 Nf6 6. Bd3 d6 7. O-O Be7 8. Nc3
h6 9. Qe2 Nbd7 10. e5 Nh7 11. d5 Nxe5 12. Nxe5 dxe5 13. Rd1 Qc7 14. d6 Bxd6 15.
Bxh7 Rxh7 16. Qd3 f5 17. Qxd6 Qxd6 18. Rxd6 Ke7 19. Rb6 Rh8 20. Be3 Rd8 21.
Bc5+ Kf7 22. Bd6 e4 23. Rc1 g5 24. Ne2 Rd7 25. Nd4 f4 26. Re1 e5 27. Bxe5 Rd5
28. Rxe4 Bd7 29. Rf6+ Kg8 30. Rxh6 Bf5 31. Re1 Kf7 32. Nxf5 1-0

[Event "17. Open de Sants Hostafrancs 2015"]
[Site "Barcelona ESP"]
[Date "2015.08.21"]
[Round "1.162"]
[White "Apap, Hugo"]
[Black "Tardio Fran, Emilio"]
[Result "1-0"]
[WhiteElo "2152"]
[BlackElo "1812"]
[PlyCount "67"]
[EventDate "2015.08.21"]
[EventType "swiss"]
[EventRounds "10"]
[EventCountry "ESP"]
[SourceTitle "Ajedrez en Madrid"]
[Source "lmi"]
[SourceDate "2015.08.21"]

1. d4 Nf6 2. c4 c5 3. d5 b5 4. cxb5 a6 5. bxa6 Bxa6 6. Nc3 g6 7. e4 Bxf1 8.
Kxf1 d6 9. g3 Bg7 10. Kg2 O-O 11. Nf3 Nbd7 12. a4 Qa5 13. Qc2 Rfb8 14. Bd2 Ng4
15. Nb5 Qb6 16. Bc3 Nge5 17. Nd2 Nf6 18. f4 Neg4 19. Nc4 Qb7 20. h3 Nxd5 21.
hxg4 Nxc3 22. bxc3 d5 23. Nd2 dxe4 24. Qxe4 Qd7 25. Nf3 Qxg4 26. Rad1 Rd8 27.
Nc7 Rab8 28. Rxd8+ Rxd8 29. Nd5 e6 30. Ne7+ Kf8 31. Rh4 f5 32. Qxe6 Qxh4 33.
gxh4 Re8 34. Qg8+ 1-0

[Event "17. Open de Sants Hostafrancs 2015"]
[Site "Barcelona ESP"]
[Date "2015.08.21"]
[Round "1.181"]
[White "Finkel, Anne-Sophie"]
[Black "Moreto Quintana, Alex"]
[Result "0-1"]
[WhiteElo "1546"]
[BlackElo "2117"]
[PlyCount "30"]
[EventDate "2015.08.21"]
[EventType "swiss"]
[EventRounds "10"]
[EventCountry "ESP"]
[SourceTitle "Ajedrez en Madrid"]
[Source "lmi"]
[SourceDate "2015.08.21"]

1. e4 c5 2. Nc3 e6 3. f4 d5 4. e5 Nc6 5. Nf3 Nh6 6. Bb5 Nf5 7. d4 Qb6 8. Bxc6+
bxc6 9. Ne2 cxd4 10. Nexd4 Nxd4 11. Nxd4 Ba6 12. b3 Bb4+ 13. Bd2 Qxd4 14. c4
Bxd2+ 15. Qxd2 Qxa1+ 0-1

[Event "17. Open de Sants Hostafrancs 2015"]
[Site "Barcelona ESP"]
[Date "2015.08.22"]
[Round "2.1"]
[White "Cori, Jorge"]
[Black "Chalmeta Ugas, Ramon"]
[Result "1/2-1/2"]
[WhiteElo "2635"]
[BlackElo "2271"]
[PlyCount "122"]
[EventDate "2015.08.21"]
[EventType "swiss"]
[EventRounds "10"]
[EventCountry "ESP"]
[SourceTitle "Ajedrez en Madrid"]
[Source "lmi"]
[SourceDate "2015.08.21"]
[WhiteClock "0:09:55"]
[BlackClock "0:05:52"]

1. e4 c5 2. Nf3 e6 3. Qe2 Nc6 4. g3 d6 5. Bg2 Nf6 6. c3 Be7 7. d4 cxd4 8. cxd4
O-O 9. Nc3 Re8 10. O-O b6 11. Rd1 Bb7 12. Bf4 Rc8 13. e5 Nd5 14. Nxd5 exd5 15.
e6 f5 16. h4 Bf6 17. Ng5 Qe7 18. Nf7 Nxd4 19. Rxd4 Bxd4 20. Nxd6 Rcd8 21. Nxe8
Rxe8 22. Re1 g6 23. Qd2 Bf6 24. Bf3 d4 25. Bxb7 Qxb7 26. Be5 Qe7 27. Bxf6 Qxf6
28. Qe2 Re7 29. Qc4 f4 30. Qd5 fxg3 31. fxg3 h5 32. Re5 d3 33. Re1 Kg7 34. Qxd3
Qxb2 35. Re2 Qc1+ 36. Kh2 Qf1 37. Qd4+ Qf6 38. Qd6 Kh7 39. Kg2 Kg7 40. Qd5 Kh7
41. Qd8 Kg7 42. a4 Kh7 43. Qd2 Kg7 44. Re4 Kh7 45. Qe2 Qf5 46. Re5 Qf6 47. g4
hxg4 48. h5 gxh5 49. Rxh5+ Kg8 50. Re5 Kf8 51. Qe4 Qf3+ 52. Qxf3+ gxf3+ 53.
Kxf3 Rc7 54. Rf5+ Ke7 55. Rf7+ Kd6 56. Ke4 Re7 57. Rxe7 Kxe7 58. Kd5 a6 59. Kc6
b5 60. axb5 axb5 61. Kxb5 Kxe6 1/2-1/2